[Event "Rome City op 5th"]
[Site "Rome"]
[Date "2023.12.05"]
[Round "3"]
[White "Safarik, Jakub"]
[Black "Jirasek, Pavel"]
[Result "1/2-1/2"]
[WhiteElo "2102"]
[BlackElo "2358"]
[PlyCount "62"]
[EventDate "2023.12.04"]
[EventType "swiss"]
[EventRounds "9"]
[EventCountry "ITA"]
[SourceTitle "CB50_2023"]
[SourceDate "2023.12.13"]
[SourceVersion "1"]
[SourceVersionDate "2023.12.13"]
[SourceQuality "1"]

1. e4 e5 2. Nf3 Nc6 3. Bc4 Nf6 4. d4 exd4 5. 0-0 Nxe4 6. Re1 d5 7. Bxd5 Qxd5 8. Nc3 Qh5 9. Nxe4 Be6 10. Bg5 Bd6 11. Nxd6+ cxd6 12. Bf4 Qd5 13. c3 Qf5 14. Bxd6 0-0-0 15. Bg3 dxc3 16. Qa4 cxb2 17. Rab1 Qa5 18. Qf4 g5 19. Nxg5 Bxa2 20. Nxf7 Bxb1 21. Rxb1 Rd7 22. Nxh8 Qd8 23. Qf5 Qxh8 24. Rd1 Qe8 25. h3 a5 26. Rxd7 Qxd7 27. Qf8+ Nd8 28. Qc5+ Qc6 29. Qf5+ Ne6 30. Be5 Qc1+ 31. Kh2 b1Q 1/2-1/2

[Event "CZE-chT2D 2223"]
[Site "Czech Republic"]
[Date "2023.03.05"]
[Round "10.1"]
[White "Safarik, Jakub"]
[Black "Sabuk, Piotr"]
[Result "1-0"]
[WhiteElo "2087"]
[BlackElo "2426"]
[PlyCount "53"]
[EventDate "2022.10.16"]
[EventType "team-tourn"]
[EventRounds "11"]
[EventCountry "CZE"]
[SourceTitle "EXT 2024"]
[Source "ChessBase"]
[SourceDate "2023.10.10"]
[SourceVersion "1"]
[SourceVersionDate "2023.10.10"]
[SourceQuality "1"]
[WhiteTeam "Lipa"]
[BlackTeam "Rychnov nad Kneznou Panda"]
[WhiteTeamCountry "CZE"]
[BlackTeamCountry "CZE"]

1. Nf3 d5 2. c4 e6 3. g3 Nf6 4. Bg2 Be7 5. 0-0 0-0 6. d4 c6 7. Nc3 Nbd7 8. Nd2 b5 9. cxb5 cxb5 10. Nxb5 Qb6 11. Nc3 Qxd4 12. e4 Ba6 13. Nb3 Qb4 14. Re1 Nc5 15. exd5 Rad8 16. Nd4 Bb7 17. a3 Qb6 18. b4 Na6 19. Na4 Qc7 20. Bf4 Qc4 21. Rc1 Qa2 22. d6 Bxd6 23. Bxb7 Bxf4 24. gxf4 Qxa3 25. Bxa6 Rd5 26. Qb3 Qxb3 27. Nxb3 1-0

[Event "Mid Bohemia Region-chT 2223"]
[Site "Czech Republic"]
[Date "2023.01.29"]
[Round "7.5"]
[White "Siles, Jan"]
[Black "Safarik, Jakub"]
[Result "0-1"]
[WhiteElo "1906"]
[BlackElo "2097"]
[PlyCount "104"]
[EventDate "2022.10.09"]
[EventType "team-tourn"]
[EventRounds "11"]
[EventCountry "CZE"]
[SourceTitle "EXT 2024"]
[Source "ChessBase"]
[SourceDate "2023.10.10"]
[SourceVersion "1"]
[SourceVersionDate "2023.10.10"]
[SourceQuality "1"]
[WhiteTeam "Ricany III"]
[BlackTeam "Zdice"]
[WhiteTeamCountry "CZE"]
[BlackTeamCountry "CZE"]

1. d4 Nf6 2. Nf3 e6 3. Bg5 c5 4. e3 Be7 5. c4 cxd4 6. exd4 d5 7. Nc3 Nc6 8. Qd2 0-0 9. Bd3 Nb4 10. 0-0 Nxd3 11. Qxd3 dxc4 12. Qxc4 b6 13. Rad1 Bb7 14. Qe2 Nd5 15. Bxe7 Qxe7 16. Rfe1 Nxc3 17. bxc3 Rac8 18. d5 Rxc3 19. d6 Qf6 20. d7 Bxf3 21. gxf3 Rd8 22. Rd6 Qxf3 23. Rxe6 fxe6 24. Qxe6+ Qf7 25. Qe8+ Qxe8 26. Rxe8+ Kf7 27. Rxd8 Rd3 28. Rh8 Rxd7 29. Rxh7 Rd2 30. a4 Rd4 31. a5 b5 32. Rh5 a6 33. Rc5 Ra4 34. Rc7+ Kg8 35. Rb7 Rxa5 36. Rb6 Ra4 37. Kf1 b4 38. Ke2 a5 39. Rb5 Ra3 40. Kd2 b3 41. f4 a4 42. Rb4 Ra2+ 43. Kc3 Kf7 44. h4 Kf6 45. Rb5 b2 46. Rxb2 Rxb2 47. Kxb2 Kf5 48. Ka3 Kxf4 49. Kxa4 Kg4 50. Kb4 Kxh4 51. Kc4 Kg3 52. Kd4 Kf3 0-1

[Event "Mid Bohemia Region-chT 2223"]
[Site "Czech Republic"]
[Date "2022.10.30"]
[Round "2.6"]
[White "Safarik, Jakub"]
[Black "Blazek, Jiri1111"]
[Result "1-0"]
[WhiteElo "2097"]
[BlackElo "1762"]
[PlyCount "68"]
[EventDate "2022.10.09"]
[EventType "team-tourn"]
[EventRounds "11"]
[EventCountry "CZE"]
[SourceTitle "EXT 2024"]
[Source "ChessBase"]
[SourceDate "2023.10.10"]
[SourceVersion "1"]
[SourceVersionDate "2023.10.10"]
[SourceQuality "1"]
[WhiteTeam "Zdice"]
[BlackTeam "Bakov nad Jizerou II"]
[WhiteTeamCountry "CZE"]
[BlackTeamCountry "CZE"]

1. d4 d5 2. c4 e6 3. Nc3 Nf6 4. cxd5 exd5 5. Bg5 Be7 6. e3 c6 7. Qc2 Bg4 8. Bd3 Nbd7 9. f3 Bh5 10. Nge2 Bg6 11. 0-0-0 Nf8 12. Bh4 Bxd3 13. Qxd3 Ng6 14. Bf2 Qd7 15. g4 0-0-0 16. Na4 Bd6 17. Kb1 Nf8 18. Ng3 g6 19. g5 Ne8 20. e4 Nc7 21. e5 Be7 22. f4 Nfe6 23. Be3 Kb8 24. f5 gxf5 25. Nxf5 Bxg5 26. Bxg5 Nxg5 27. Nc5 Qc8 28. Nd6 Qh3 29. Ncxb7 Qxd3+ 30. Rxd3 Rdf8 31. Na5 Nce6 32. Rb3+ Ka8 33. Nxc6 Ne4 34. Rb7 Nd2+ 1-0

[Event "Pardubice op rapid 32nd"]
[Site "Pardubice"]
[Date "2021.07.22"]
[Round "4"]
[White "Rogozenco, Dorian"]
[Black "Safarik, Jakub"]
[Result "1-0"]
[WhiteElo "2482"]
[BlackElo "2180"]
[PlyCount "107"]
[EventDate "2021.07.21"]
[EventType "swiss (rapid)"]
[EventRounds "9"]
[EventCountry "CZE"]
[SourceTitle "CBM 203 Extra"]
[Source "ChessBase"]
[SourceDate "2021.09.30"]
[SourceVersion "1"]
[SourceVersionDate "2021.09.30"]
[SourceQuality "1"]

1. d4 Nf6 2. c4 e6 3. Nc3 Bb4 4. Bg5 h6 5. Bh4 b6 6. f3 Be7 7. Bf2 d5 8. e3 0-0 9. cxd5 exd5 10. Bd3 Bb7 11. Nge2 c5 12. 0-0 Nbd7 13. Rc1 Re8 14. Re1 Bf8 15. h3 Rc8 16. g4 a6 17. Bb1 b5 18. dxc5 Bxc5 19. Nd4 Ne5 20. Kg2 Qb6 21. Re2 Nh7 22. Bf5 Rc7 23. Bxh7+ Kxh7 24. Rec2 Rce7 25. b3 Ba3 26. Rb1 Qg6 27. Nce2 Qd3 28. Nf4 Qxd1 29. Rxd1 Rd7 30. Nh5 Bf8 31. Nf4 g6 32. Rdc1 Ba3 33. Rd1 Bf8 34. Rdc1 Ba3 35. Rd1 Bf8 36. Nd3 Nxd3 37. Rxd3 Bg7 38. Rdc3 Bxd4 39. exd4 Rde7 40. Rc7 Kg7 41. Bg3 Rxc7 42. Rxc7 Bc8 43. Be5+ Kf8 44. Kg3 h5 45. Kh4 hxg4 46. fxg4 f5 47. Kg5 fxg4 48. hxg4 Be6 49. Kf6 Bxg4 50. Rf7+ Kg8 51. Rg7+ Kh8 52. Rxg6 Bd7 53. Kf7+ Kh7 54. Rd6 1-0

[Event "CZE-chT2D 1920"]
[Site "Czech Republic"]
[Date "2020.01.26"]
[Round "7.4"]
[White "Safarik, Jakub"]
[Black "Malivanek, Jiri"]
[Result "1/2-1/2"]
[WhiteElo "2164"]
[BlackElo "2073"]
[PlyCount "62"]
[EventDate "2019.10.13"]
[EventType "team-tourn"]
[EventRounds "11"]
[EventCountry "CZE"]
[SourceTitle "EXT 2024"]
[Source "ChessBase"]
[SourceDate "2023.10.10"]
[SourceVersion "1"]
[SourceVersionDate "2023.10.10"]
[SourceQuality "1"]
[WhiteTeam "Lipa"]
[BlackTeam "Chrudim"]
[WhiteTeamCountry "CZE"]
[BlackTeamCountry "CZE"]

1. d4 d5 2. c4 c6 3. Nc3 Nf6 4. Bg5 dxc4 5. a4 h6 6. Bh4 Qa5 7. e3 Be6 8. Nf3 Ne4 9. Qc2 Nxc3 10. bxc3 Nd7 11. Be2 g5 12. Bg3 Bg7 13. 0-0 0-0 14. Nd2 Nb6 15. e4 c5 16. Be5 cxd4 17. Bxd4 Rac8 18. Bxg7 Kxg7 19. Rfb1 Rc5 20. Nf1 Qa6 21. Qd2 Nd7 22. f4 gxf4 23. Qxf4 Qc6 24. Ne3 b6 25. Rf1 Rg5 26. h4 Rg6 27. Rad1 Nc5 28. Rd4 Nb3 29. Rdd1 Nc5 30. Rd4 Nb3 31. Rdd1 Nc5 1/2-1/2

[Event "CZE-chT1W 1819"]
[Site "Czech Republic"]
[Date "2019.03.24"]
[Round "10.4"]
[White "Burdalev, Kirill"]
[Black "Safarik, Jakub"]
[Result "1-0"]
[WhiteElo "2356"]
[BlackElo "2167"]
[PlyCount "109"]
[EventDate "2018.10.21"]
[EventType "team-tourn"]
[EventRounds "11"]
[EventCountry "CZE"]
[SourceTitle "CBM 189 Extra"]
[Source "ChessBase"]
[SourceDate "2019.06.03"]
[SourceVersion "1"]
[SourceVersionDate "2019.06.03"]
[SourceQuality "1"]
[WhiteTeam "Praha DP Tarok"]
[BlackTeam "Hradec Kralove"]
[WhiteTeamCountry "CZE"]
[BlackTeamCountry "CZE"]

1. d4 Nf6 2. Nf3 e6 3. Bf4 b6 4. e3 Bb7 5. Nbd2 d6 6. h3 Nbd7 7. Bd3 Qe7 8. Bh2 g6 9. e4 e5 10. dxe5 dxe5 11. Qe2 Bg7 12. Ba6 Bxa6 13. Qxa6 0-0 14. Qc4 Qc5 15. Qb3 a5 16. 0-0 a4 17. Qd3 Rad8 18. c3 Nh5 19. Qc2 Qc6 20. Rfe1 Nf4 21. Bxf4 exf4 22. e5 Rfe8 23. Nd4 Qd5 24. Qxa4 Nxe5 25. N4f3 c5 26. Rad1 Ra8 27. Qb5 Red8 28. Nxe5 Bxe5 29. Qe2 Bg7 30. Nc4 Qc6 31. a4 Re8 32. Qd3 Bf6 33. Rxe8+ Rxe8 34. Qf3 Qxa4 35. Nxb6 Qc2 36. Nd7 Bg7 37. Nxc5 Qxb2 38. Ne4 Qc2 39. Nd6 Re2 40. Qd5 Qa2 41. c4 Qa7 42. c5 Re5 43. Qb7 Qxb7 44. Nxb7 Re7 45. c6 Rc7 46. Rc1 Be5 47. Kf1 Re7 48. Nc5 Bc7 49. Na6 Kf8 50. Nb4 Re5 51. Na6 Re7 52. Rc2 Ke8 53. Re2 Ba5 54. c7 Rxe2 55. c8Q+ 1-0

[Event "CZE-chT2C 1819"]
[Site "Czech Republic"]
[Date "2019.03.17"]
[Round "10.3"]
[White "Nemec, Zbynek"]
[Black "Safarik, Jakub"]
[Result "1/2-1/2"]
[WhiteElo "2197"]
[BlackElo "2167"]
[PlyCount "23"]
[EventDate "2018.10.14"]
[EventType "team-tourn"]
[EventRounds "11"]
[EventCountry "CZE"]
[SourceTitle "EXT 2022"]
[Source "ChessBase"]
[SourceDate "2021.10.06"]
[SourceVersion "1"]
[SourceVersionDate "2021.10.06"]
[SourceQuality "1"]
[WhiteTeam "Hradec Kralove II"]
[BlackTeam "Lipa"]
[WhiteTeamCountry "CZE"]
[BlackTeamCountry "CZE"]

1. Nf3 Nf6 2. g3 c5 3. Bg2 Nc6 4. 0-0 e5 5. d3 d5 6. e4 Be7 7. Nc3 d4 8. Nb1 0-0 9. Nbd2 Ne8 10. Nc4 f6 11. a4 Be6 12. Nh4 1/2-1/2

[Event "CZE-chT1W 1819"]
[Site "Czech Republic"]
[Date "2019.03.03"]
[Round "9.5"]
[White "Hollan, Petr"]
[Black "Safarik, Jakub"]
[Result "0-1"]
[WhiteElo "2195"]
[BlackElo "2167"]
[PlyCount "66"]
[EventDate "2018.10.21"]
[EventType "team-tourn"]
[EventRounds "11"]
[EventCountry "CZE"]
[SourceTitle "CBM 189 Extra"]
[Source "ChessBase"]
[SourceDate "2019.06.03"]
[SourceVersion "1"]
[SourceVersionDate "2019.06.03"]
[SourceQuality "1"]
[WhiteTeam "Praha Oaza"]
[BlackTeam "Hradec Kralove"]
[WhiteTeamCountry "CZE"]
[BlackTeamCountry "CZE"]

1. e4 c5 2. Nf3 d6 3. d4 cxd4 4. Nxd4 Nf6 5. Nc3 g6 6. Be3 Bg7 7. f3 Nc6 8. Qd2 0-0 9. Bc4 Bd7 10. 0-0-0 Rc8 11. Bb3 Ne5 12. Kb1 Nc4 13. Bxc4 Rxc4 14. g4 Be6 15. h4 h5 16. gxh5 Nxh5 17. Rdg1 Kh7 18. Nce2 Ra4 19. b3 Ra6 20. c4 Qa5 21. Qc2 Bd7 22. Rg5 e5 23. Nf5 b5 24. Nc1 bxc4 25. Nxg7 Nxg7 26. h5 Nxh5 27. Rgxh5+ Kg7 28. Qg2 Rg8 29. Rh7+ Kf8 30. Rh8 cxb3 31. Bh6+ Ke7 32. Rxg8 bxa2+ 33. Ka1 Qc3+ 0-1

[Event "CZE-chT1W 1819"]
[Site "Czech Republic"]
[Date "2019.02.17"]
[Round "8.6"]
[White "Juptner, Jan"]
[Black "Safarik, Jakub"]
[Result "1/2-1/2"]
[WhiteElo "2244"]
[BlackElo "2167"]
[PlyCount "98"]
[EventDate "2018.10.21"]
[EventType "team-tourn"]
[EventRounds "11"]
[EventCountry "CZE"]
[SourceTitle "CBM 189 Extra"]
[Source "ChessBase"]
[SourceDate "2019.06.03"]
[SourceVersion "1"]
[SourceVersionDate "2019.06.03"]
[SourceQuality "1"]
[WhiteTeam "Lysa nad Labem III"]
[BlackTeam "Hradec Kralove"]
[WhiteTeamCountry "CZE"]
[BlackTeamCountry "CZE"]

1. d4 f5 2. g3 Nf6 3. Bg2 g6 4. c4 Bg7 5. Nc3 0-0 6. Nf3 d6 7. 0-0 Nc6 8. d5 Na5 9. b3 Ne4 10. Nxe4 Bxa1 11. Neg5 c5 12. Bd2 Bg7 13. Qe1 b6 14. e4 h6 15. Ne6 Bxe6 16. dxe6 Nc6 17. Nh4 Qe8 18. exf5 gxf5 19. Be3 Ne5 20. Qb1 Rc8 21. Nxf5 Rc7 22. h3 Qg6 23. Be4 Qf6 24. Kg2 Nc6 25. g4 Nd4 26. Bxd4 cxd4 27. Qd3 b5 28. Bd5 bxc4 29. bxc4 Rb8 30. Rb1 Rcc8 31. Rb3 h5 32. f4 Rxb3 33. axb3 Rf8 34. b4 Kh8 35. Kf3 Qg6 36. c5 dxc5 37. bxc5 a5 38. c6 Qh7 39. Kg2 Bf6 40. c7 Rc8 41. g5 Rxc7 42. gxf6 Qg6+ 43. Kf2 Qxf6 44. Qxd4 Qxd4+ 45. Nxd4 a4 46. Ke3 Kg7 47. Ke4 Kf6 48. Nc6 a3 49. Nb4 Rc3 1/2-1/2

[Event "CZE-chT2C 1819"]
[Site "Czech Republic"]
[Date "2019.02.10"]
[Round "8.3"]
[White "Safarik, Jakub"]
[Black "Markovic, Milan2222"]
[Result "1-0"]
[WhiteElo "2167"]
[BlackElo "2210"]
[PlyCount "67"]
[EventDate "2018.10.14"]
[EventType "team-tourn"]
[EventRounds "11"]
[EventCountry "CZE"]
[SourceTitle "EXT 2022"]
[Source "ChessBase"]
[SourceDate "2021.10.06"]
[SourceVersion "1"]
[SourceVersionDate "2021.10.06"]
[SourceQuality "1"]
[WhiteTeam "Lipa"]
[BlackTeam "Praha Vrsovice"]
[WhiteTeamCountry "CZE"]
[BlackTeamCountry "CZE"]

1. Nf3 c5 2. a3 Nf6 3. c4 e6 4. Qc2 b6 5. g3 Bb7 6. Bg2 Qc7 7. 0-0 Be7 8. Nc3 a6 9. Rb1 0-0 10. e3 d5 11. b3 Nbd7 12. Bb2 Rac8 13. cxd5 Nxd5 14. Nxd5 Bxd5 15. e4 Bb7 16. Rbc1 Qb8 17. Qd3 Rfd8 18. Qe2 Qa8 19. Rfe1 Bf6 20. d4 cxd4 21. Rxc8 Rxc8 22. Nxd4 Nc5 23. Qe3 Rd8 24. b4 e5 25. bxc5 exd4 26. Qf4 bxc5 27. Bf1 Re8 28. e5 Qd8 29. Bc4 Qb8 30. e6 fxe6 31. Rxe6 Kh8 32. Rxf6 Qd8 33. Rf7 g5 34. Qf5 1-0

[Event "CZE-chT2D 1718"]
[Site "Czech Republic"]
[Date "2018.03.18"]
[Round "10.5"]
[White "Hlavnicka, Jiri"]
[Black "Safarik, Jakub"]
[Result "1/2-1/2"]
[WhiteElo "2147"]
[BlackElo "2194"]
[PlyCount "73"]
[EventDate "2017.10.15"]
[EventType "team-tourn"]
[EventRounds "11"]
[EventCountry "CZE"]
[SourceTitle "EXT 2022"]
[Source "ChessBase"]
[SourceDate "2021.10.06"]
[SourceVersion "1"]
[SourceVersionDate "2021.10.06"]
[SourceQuality "1"]
[WhiteTeam "Pardubice Eurobit"]
[BlackTeam "Hradec Kralove II"]
[WhiteTeamCountry "CZE"]
[BlackTeamCountry "CZE"]

1. Nf3 Nf6 2. g3 b6 3. Bg2 Bb7 4. c4 e6 5. Nc3 Be7 6. 0-0 0-0 7. d3 c5 8. a3 d6 9. Ne1 Bxg2 10. Nxg2 d5 11. Qa4 d4 12. Ne4 Nxe4 13. dxe4 Qd7 14. Qxd7 Nxd7 15. Nf4 Ne5 16. b3 a6 17. Nd3 Nd7 18. Bf4 b5 19. Rfc1 g5 20. Bd2 Rfc8 21. Rc2 Rab8 22. Kg2 Kg7 23. Rac1 bxc4 24. bxc4 Rb3 25. Ra1 Rcb8 26. h3 h6 27. Ba5 R8b7 28. Raa2 f5 29. exf5 exf5 30. Nc1 Rb1 31. Nd3 Kf6 32. Rab2 R7xb2 33. Rxb2 Ra1 34. Rb3 Ra2 35. Kf1 Rc2 36. Rb7 Ke6 37. Ra7 1/2-1/2

[Event "CZE-chT1W 1718"]
[Site "Czech Republic"]
[Date "2017.11.12"]
[Round "2.3"]
[White "Safarik, Jakub"]
[Black "Juptner, Jan"]
[Result "1-0"]
[WhiteElo "2196"]
[BlackElo "2271"]
[PlyCount "95"]
[EventDate "2017.10.29"]
[EventType "team-tourn"]
[EventRounds "11"]
[EventCountry "CZE"]
[SourceTitle "EXT 2019"]
[Source "ChessBase"]
[SourceDate "2018.10.10"]
[SourceVersion "1"]
[SourceVersionDate "2018.10.10"]
[SourceQuality "1"]
[WhiteTeam "Hradec Kralove Slavia"]
[BlackTeam "Lysa nad Labem III"]
[WhiteTeamCountry "CZE"]
[BlackTeamCountry "CZE"]

1. e4 c5 2. Nf3 a6 3. Nc3 b5 4. d4 cxd4 5. Nxd4 Bb7 6. Bd3 d6 7. 0-0 Nf6 8. Re1 g6 9. a4 e5 10. Bg5 Be7 11. Nb3 b4 12. Na2 Nc6 13. Bh6 Rg8 14. Bg5 Nh5 15. Bxe7 Kxe7 16. Qd2 a5 17. c3 Qb6 18. Bb5 bxc3 19. Nxc3 Nb4 20. Rac1 Rgd8 21. Qg5+ Kf8 22. Re3 Kg7 23. Qe7 Nc6 24. Qh4 Nd4 25. Nd2 Rdc8 26. b3 Nf4 27. Bc4 h6 28. g3 Nfe6 29. Nb5 Nxb5 30. axb5 a4 31. Rce1 a3 32. Bxe6 g5 33. Qg4 fxe6 34. Qxe6 Rf8 35. Nc4 Qd4 36. Nxd6 a2 37. Qe7+ Kg8 38. Nf5 Rxf5 39. exf5 Qd5 40. f3 a1Q 41. Rxa1 Rxa1+ 42. Kg2 Ra8 43. f6 Ra2+ 44. Kh3 Qf7 45. g4 Qxe7 46. fxe7 Kf7 47. Rxe5 Ra8 48. Kg3 1-0

[Event "CZE-chT2B 1617"]
[Site "Czech Republic"]
[Date "2016.11.13"]
[Round "3.2"]
[White "Hrbolka, Ladislav Jr"]
[Black "Safarik, Jakub"]
[Result "1/2-1/2"]
[WhiteElo "2241"]
[BlackElo "2180"]
[PlyCount "49"]
[EventDate "2016.10.09"]
[EventType "team-tourn"]
[EventRounds "11"]
[EventCountry "CZE"]
[SourceTitle "EXT 2022"]
[Source "ChessBase"]
[SourceDate "2021.10.06"]
[SourceVersion "1"]
[SourceVersionDate "2021.10.06"]
[SourceQuality "1"]
[WhiteTeam "Most Chess"]
[BlackTeam "Horice"]
[WhiteTeamCountry "CZE"]
[BlackTeamCountry "CZE"]

1. e4 c5 2. Nf3 d6 3. c3 Nf6 4. Bd3 g6 5. 0-0 Bg7 6. Bc2 0-0 7. d4 cxd4 8. cxd4 Nc6 9. h3 d5 10. e5 Ne4 11. Nbd2 Bf5 12. Re1 Nxd2 13. Bxd2 Bxc2 14. Qxc2 Rc8 15. Qa4 Qd7 16. Rac1 Rfd8 17. b3 Rc7 18. Rc3 b5 19. Qa6 Rb8 20. Rcc1 e6 21. Qa3 Bf8 22. Qb2 Rbc8 23. Nh2 h5 24. g4 h4 25. a3 1/2-1/2

[Event "CZE-chT2B 1617"]
[Site "Czech Republic"]
[Date "2016.10.23"]
[Round "4.2"]
[White "Safarik, Jakub"]
[Black "Riha, Jaroslav1111"]
[Result "1/2-1/2"]
[WhiteElo "2180"]
[BlackElo "2108"]
[PlyCount "108"]
[EventDate "2016.10.09"]
[EventType "team-tourn"]
[EventRounds "11"]
[EventCountry "CZE"]
[SourceTitle "EXT 2022"]
[Source "ChessBase"]
[SourceDate "2021.10.06"]
[SourceVersion "1"]
[SourceVersionDate "2021.10.06"]
[SourceQuality "1"]
[WhiteTeam "Horice"]
[BlackTeam "Usti nad Labem"]
[WhiteTeamCountry "CZE"]
[BlackTeamCountry "CZE"]

1. Nf3 c5 2. e4 e6 3. d4 cxd4 4. Nxd4 Nc6 5. Nxc6 bxc6 6. Bd3 Nf6 7. 0-0 d5 8. exd5 cxd5 9. c4 Be7 10. Nc3 0-0 11. Bf4 Bb7 12. Rc1 Rc8 13. b3 Qa5 14. Qe2 Rfd8 15. Nb1 dxc4 16. bxc4 Qh5 17. Nc3 e5 18. Bg3 e4 19. Nxe4 Qxe2 20. Nxf6+ Bxf6 21. Bxe2 Rd2 22. Bg4 Re8 23. c5 Bc6 24. Bf3 Rc8 25. Bg4 Re8 26. Rfe1 Rxe1+ 27. Rxe1 h5 28. Bxh5 Rd5 29. Bf3 Rxc5 30. Bxc6 Rxc6 31. h3 Rc2 32. a3 Bd4 33. Re4 Bc5 34. a4 Ra2 35. Rc4 Bb6 36. Kh2 f6 37. f3 Kh7 38. Bd6 Kg6 39. Kg3 Be3 40. Rg4+ Kf7 41. Re4 Bb6 42. h4 f5 43. Rb4 Ke6 44. Bf8 g6 45. Kh3 Ke5 46. Rb5+ Ke6 47. Bh6 Ra3 48. Bc1 Ra1 49. Bb2 Rh1+ 50. Kg3 Bc7+ 51. Kf2 Bb6+ 52. Ke2 Rh2 53. Kf1 Rh1+ 54. Ke2 Rh2 1/2-1/2

[Event "CZE-chT1W 1617"]
[Site "Czech Republic"]
[Date "2016.10.16"]
[Round "1.4"]
[White "Safarik, Jakub"]
[Black "Prochazka, Jiri1111"]
[Result "1/2-1/2"]
[WhiteElo "2184"]
[BlackElo "2112"]
[PlyCount "39"]
[EventDate "2016.10.16"]
[EventType "team-tourn"]
[EventRounds "11"]
[EventCountry "CZE"]
[SourceTitle "CBM 175 Extra"]
[Source "ChessBase"]
[SourceDate "2016.12.12"]
[SourceVersion "1"]
[SourceVersionDate "2016.12.12"]
[SourceQuality "1"]
[WhiteTeam "Hradec Kralove Slavia"]
[BlackTeam "Praha Smichov"]
[WhiteTeamCountry "CZE"]
[BlackTeamCountry "CZE"]

1. d4 d5 2. Nf3 c6 3. c4 e6 4. Nc3 f5 5. g3 Nf6 6. Bg2 Bd6 7. 0-0 Nbd7 8. Rb1 a5 9. a3 Qe7 10. Be3 0-0 11. Qc1 Ne4 12. Nxe4 fxe4 13. Ne1 e5 14. cxd5 cxd5 15. Nc2 Nf6 16. Qd2 Be6 17. Rbd1 Ng4 18. h3 Nf6 19. dxe5 Bxe5 20. Bd4 1/2-1/2

[Event "CZE-chT1W 1516"]
[Site "Czech Republic"]
[Date "2016.04.10"]
[Round "11.7"]
[White "Safarik, Jakub"]
[Black "Liska, Jiri2222"]
[Result "1-0"]
[WhiteElo "2103"]
[BlackElo "2122"]
[PlyCount "49"]
[EventDate "2015.10.11"]
[EventType "team-tourn"]
[EventRounds "11"]
[EventCountry "CZE"]
[SourceTitle "EXT 2017"]
[Source "ChessBase"]
[SourceDate "2016.10.25"]
[SourceVersion "1"]
[SourceVersionDate "2016.10.25"]
[SourceQuality "1"]
[WhiteTeam "Hradec Kralove"]
[BlackTeam "Novoborsky II"]
[WhiteTeamCountry "CZE"]
[BlackTeamCountry "CZE"]

1. d4 Nf6 2. Nf3 g6 3. c4 Bg7 4. Nc3 d5 5. cxd5 Nxd5 6. e4 Nxc3 7. bxc3 c5 8. Rb1 0-0 9. Be2 b6 10. 0-0 Bb7 11. Qd3 Ba6 12. Qe3 Bxe2 13. Qxe2 Qc7 14. Bg5 Re8 15. Rbd1 Nd7 16. e5 e6 17. Qe3 b5 18. Nd2 Nb6 19. Ne4 Nd5 20. Qh3 c4 21. Rde1 b4 22. cxb4 a5 23. b5 Qb6 24. Qh4 Bf8 25. Re3 1-0

[Event "CZE-chT2D 1516"]
[Site "Czech Republic"]
[Date "2016.04.03"]
[Round "10.6"]
[White "Kopecky, Roman"]
[Black "Safarik, Jakub"]
[Result "0-1"]
[WhiteElo "1975"]
[BlackElo "2112"]
[PlyCount "82"]
[EventDate "2015.10.18"]
[EventType "team-tourn"]
[EventRounds "11"]
[EventCountry "CZE"]
[SourceTitle "EXT 2022"]
[Source "ChessBase"]
[SourceDate "2021.10.06"]
[SourceVersion "1"]
[SourceVersionDate "2021.10.06"]
[SourceQuality "1"]
[WhiteTeam "Velke Losiny"]
[BlackTeam "Hradec Kralove II"]
[WhiteTeamCountry "CZE"]
[BlackTeamCountry "CZE"]

1. d4 Nf6 2. c4 e6 3. Nf3 c5 4. d5 b5 5. dxe6 fxe6 6. cxb5 d5 7. g3 Bd6 8. Bg2 0-0 9. 0-0 Bb7 10. Ng5 Qe7 11. Bh3 e5 12. e4 h6 13. Ne6 Rf7 14. f4 dxe4 15. f5 Nbd7 16. Nc3 Nb6 17. Qe2 a6 18. Rd1 a5 19. Bg2 Rc8 20. g4 Nbd5 21. Nxe4 Bb8 22. Nxf6+ Nxf6 23. Bxb7 Qxb7 24. Nd8 Rxd8 25. Rxd8+ Kh7 26. g5 hxg5 27. Bxg5 Bc7 28. Bxf6 Rxf6 29. Rd7 Qc8 30. Rad1 c4 31. Qg4 Bb6+ 32. Kf1 Qf8 33. Qh4+ Rh6 34. Qg5 Rxh2 35. f6 Rf2+ 36. Ke1 Rxf6 37. Qh4+ Rh6 38. Qe4+ Kh8 39. Kd2 Bd4 40. Rxd4 exd4 41. Qxd4 Rd6 0-1

[Event "CZE-chT2D 1516"]
[Site "Czech Republic"]
[Date "2016.03.13"]
[Round "9.4"]
[White "Safarik, Jakub"]
[Black "Varejcko, Josef"]
[Result "0-1"]
[WhiteElo "2112"]
[BlackElo "2230"]
[PlyCount "50"]
[EventDate "2015.10.18"]
[EventType "team-tourn"]
[EventRounds "11"]
[EventCountry "CZE"]
[SourceTitle "EXT 2022"]
[Source "ChessBase"]
[SourceDate "2021.10.06"]
[SourceVersion "1"]
[SourceVersionDate "2021.10.06"]
[SourceQuality "1"]
[WhiteTeam "Hradec Kralove II"]
[BlackTeam "Lipa ZVU Engineering"]
[WhiteTeamCountry "CZE"]
[BlackTeamCountry "CZE"]

1. e4 c5 2. Nc3 Nc6 3. Nge2 g6 4. d4 cxd4 5. Nxd4 Bg7 6. Nde2 Nf6 7. g3 d6 8. Bg2 0-0 9. 0-0 Bd7 10. h3 Rc8 11. Be3 Qa5 12. Qd2 Ne5 13. Qc1 Nc4 14. Bd4 Bc6 15. b3 Na3 16. Qb2 e5 17. Be3 Bxe4 18. b4 Qa6 19. b5 Qa5 20. Bxe4 Nxe4 21. Nxe4 Rxc2 22. Qb3 Rxe2 23. Nxd6 Nc2 24. Rac1 Nxe3 25. Nxf7 Qxa2 0-1

[Event "CZE-chT2D 1516"]
[Site "Czech Republic"]
[Date "2015.12.06"]
[Round "4.5"]
[White "Safarik, Jakub"]
[Black "Krys, Jaromir"]
[Result "1-0"]
[WhiteElo "2112"]
[BlackElo "2038"]
[PlyCount "43"]
[EventDate "2015.10.18"]
[EventType "team-tourn"]
[EventRounds "11"]
[EventCountry "CZE"]
[SourceTitle "EXT 2022"]
[Source "ChessBase"]
[SourceDate "2021.10.06"]
[SourceVersion "1"]
[SourceVersionDate "2021.10.06"]
[SourceQuality "1"]
[WhiteTeam "Hradec Kralove II"]
[BlackTeam "Chrudim"]
[WhiteTeamCountry "CZE"]
[BlackTeamCountry "CZE"]

1. e4 e5 2. Nf3 Nc6 3. Bc4 Bc5 4. b4 Bxb4 5. c3 Ba5 6. d4 exd4 7. 0-0 Nf6 8. e5 Ne4 9. Ba3 d5 10. exd6 Be6 11. Bxe6 fxe6 12. Nxd4 cxd6 13. Nxe6 Qf6 14. Qd5 Kd7 15. Qxe4 Qxe6 16. Qd3 Rhf8 17. Nd2 Bb6 18. Nc4 Bc7 19. Nxd6 Bxd6 20. Rad1 Rf6 21. Bxd6 Rd8 22. Rfe1 1-0